Statistics for The Order of the Phoenix Members - Harry Potter

Click here to take the quiz!

General Stats

  • This quiz has been taken 78 times
  • The average score is 20 of 34

Answer Stats

Answer% Correct
Sirius Black
97%
Molly Weasley
92%
Arthur Weasley
91%
Albus Dumbledore
89%
Remus Lupin
88%
Severus Snape
86%
Bill Weasley
83%
Nymphadora Tonks
83%
James Potter
78%
Lily Potter
78%
Minerva McGonagall
77%
Alastor Moody
75%
Charlie Weasley
75%
Kingsley Shacklebolt
68%
Alice Longbottom
65%
Frank Longbottom
65%
Peter Pettigrew
63%
Mundungus Fletcher
60%
Aberforth Dumbledore
54%
Rubeus Hagrid
49%
Fabian Prewett
43%
Fleur Delacour
43%
Gideon Prewett
43%
Dedalus Diggle
38%
Arabella Figg
37%
Elphias Doge
37%
Marlene McKinnon
34%
Hestia Jones
32%
Emmeline Vance
31%
Sturgis Podmore
26%
Benjy Fenwick
20%
Caradoc Dearborn
20%
Dorcas Meadowes
20%
Edgar Bones
18%

Score Distribution

Percentile by Number Answered

Percent of People with Each Score

Your Score History

You have not taken this quiz